000 00446cam a2200181ua 4500
001 2331
008 110806n ii |||gr||||Z||||||eng
040 _cMAIN
082 _a370.54
100 _aArora, J. N.,
245 1 _aHistory of education in india
_cby J. N. Arora
250 _a1st.
260 _aDelhi:
_bDhanpat rai & sons,972.
300 _a204p:
_c23cm.
653 _aEducation
653 _aHistory of education in india
942 _cBK
999 _c2190
_d2190